000 00302nam a2200121Ia 4500
008 190216s9999||||xx |||||||||||||| ||und||
100 _aMichael V P
245 0 _aResearch Methodology In Management
260 _bSulthan Chand &co
_c2000
300 _a338p
650 _aResearch Methodology
942 _cBK
999 _c6083
_d6083